[Event "Quebec-ch"]
[Site "Montreal CAN"]
[Date "1999.06.24"]
[Round "3.1"]
[White "Schleifer, Michael"]
[Black "Lesiege, Alexandre"]
[Result "1/2-1/2"]
[WhiteElo "2305"]
[BlackElo "2521"]
[WhiteFideId "-1"]
[WhiteFideId "-1"]
[PlyCount "44"]
[GameId "2160767911743343"]
[EventDate "1999.06.05"]
[EventType "k.o."]
[EventRounds "4"]
[EventCountry "CAN"]
[SourceTitle "EXT 2000"]
[Source "ChessBase"]
[SourceDate "1999.11.18"]
[SourceVersion "1"]
[SourceVersionDate "1999.11.18"]
[SourceQuality "1"]

1. c4 c5 2. b3 Nc6 3. Bb2 e5 4. e3 g6 5. Nf3 Bg7 6. h4 h6 7. a3 d6 8. Be2 Nge7 9. b4 cxb4 10. d4 bxa3 11. Nxa3 O-O 12. d5 Nb4 13. Nb5 Bf5 14. O-O a6 15. Nc3 a5 16. Nb5 Bg4 17. Bc3 Nf5 18. g3 Qb6 19. Kh2 h5 20. Nd2 Nd3 21. Bxg4 Nxf2 22. Rxf2 Nxe3 1/2-1/2

[Event "Quebec-ch"]
[Site "Montreal CAN"]
[Date "1999.06.24"]
[Round "3.2"]
[White "Lesiege, Alexandre"]
[Black "Schleifer, Michael"]
[Result "1/2-1/2"]
[WhiteElo "2521"]
[BlackElo "2305"]
[WhiteFideId "-1"]
[WhiteFideId "-1"]
[PlyCount "63"]
[GameId "2160767911743345"]
[EventDate "1999.06.05"]
[EventType "k.o."]
[EventRounds "4"]
[EventCountry "CAN"]
[SourceTitle "EXT 2000"]
[Source "ChessBase"]
[SourceDate "1999.11.18"]
[SourceVersion "1"]
[SourceVersionDate "1999.11.18"]
[SourceQuality "1"]

1. c4 e6 2. d4 Bb4+ 3. Bd2 Qe7 4. g3 Nc6 5. e3 Bxd2+ 6. Qxd2 Nf6 7. Nc3 d6 8. Bg2 e5 9. Nd5 Nxd5 10. cxd5 Nb8 11. dxe5 dxe5 12. Ne2 O-O 13. O-O Rd8 14. Rac1 c6 15. Qc2 Bg4 16. Nc3 c5 17. Ne4 Nd7 18. d6 Qe6 19. Ng5 Qf5 20. Qxf5 Bxf5 21. Bxb7 Rab8 22. Bd5 Bg6 23. f4 exf4 24. exf4 h6 25. f5 Bh5 26. Ne4 Rxb2 27. h3 Be2 28. Rf2 Ne5 29. Rc3 Rb1+ 30. Kg2 Re1 31. g4 c4 32. Kg3 1/2-1/2

[Event "Quebec-ch"]
[Site "Montreal CAN"]
[Date "1999.06.24"]
[Round "3.3"]
[White "Schleifer, Michael"]
[Black "Lesiege, Alexandre"]
[Result "1/2-1/2"]
[WhiteElo "2305"]
[BlackElo "2521"]
[WhiteFideId "-1"]
[WhiteFideId "-1"]
[PlyCount "82"]
[GameId "2160767911743347"]
[EventDate "1999.06.05"]
[EventType "k.o."]
[EventRounds "4"]
[EventCountry "CAN"]
[SourceTitle "EXT 2000"]
[Source "ChessBase"]
[SourceDate "1999.11.18"]
[SourceVersion "1"]
[SourceVersionDate "1999.11.18"]
[SourceQuality "1"]

1. d4 d5 2. Nf3 Nf6 3. c4 dxc4 4. Qa4+ c6 5. Qxc4 Bf5 6. Nc3 e6 7. g3 b5 8. Qb3 b4 9. Nb1 Nbd7 10. Bg2 Rc8 11. O-O Be4 12. Bg5 c5 13. Nbd2 Bd5 14. Qd1 Be7 15. Re1 cxd4 16. Nxd4 Bxg2 17. Kxg2 O-O 18. Bxf6 Bxf6 19. Ne4 Be5 20. Rb1 Nf6 21. Nf3 Qb6 22. Nxf6+ Bxf6 23. Qb3 Qb5 24. a3 a5 25. axb4 Rc4 26. Qd3 Rxb4 27. Qxb5 Rxb5 28. b3 Rfb8 29. Nd2 Bc3 30. Red1 g6 31. Ne4 Bb4 32. f4 Be7 33. Rd7 R8b7 34. Rxb7 Rxb7 35. Nd2 Bb4 36. Ne4 f5 37. Ng5 Be7 38. Ra1 Bxg5 39. fxg5 Rb5 40. Rc1 Rxb3 41. Rc8+ Kf7 1/2-1/2

[Event "Quebec-ch"]
[Site "Montreal CAN"]
[Date "1999.06.24"]
[Round "3.4"]
[White "Lesiege, Alexandre"]
[Black "Schleifer, Michael"]
[Result "1/2-1/2"]
[WhiteElo "2521"]
[BlackElo "2305"]
[WhiteFideId "-1"]
[WhiteFideId "-1"]
[PlyCount "119"]
[GameId "2160767911743349"]
[EventDate "1999.06.05"]
[EventType "k.o."]
[EventRounds "4"]
[EventCountry "CAN"]
[SourceTitle "EXT 2000"]
[Source "ChessBase"]
[SourceDate "1999.11.18"]
[SourceVersion "1"]
[SourceVersionDate "1999.11.18"]
[SourceQuality "1"]

1. d4 c5 2. d5 e5 3. e4 d6 4. Nc3 Be7 5. Nf3 Nf6 6. Be2 O-O 7. O-O Ne8 8. Nd2 g6 9. Nc4 Bg5 10. a4 Nd7 11. a5 Bxc1 12. Qxc1 Qe7 13. f4 exf4 14. Qxf4 Ne5 15. Nxe5 dxe5 16. Qe3 Bd7 17. d6 Qxd6 18. Rad1 Qe6 19. Qxc5 b6 20. Qd5 Bc6 21. Qxe6 fxe6 22. a6 Rxf1+ 23. Bxf1 Kf7 24. Bb5 Bxb5 25. Nxb5 Ke7 26. Kf2 Rc8 27. c3 Ra8 28. Ke3 Nf6 29. h3 h5 30. b4 h4 31. c4 Ne8 32. Rd3 g5 33. Kf3 Nf6 34. Ke3 g4 35. c5 bxc5 36. bxc5 gxh3 37. gxh3 Nd7 38. Rc3 Rg8 39. Nxa7 Nb8 40. Kd3 Rg3+ 41. Kc4 Nxa6 42. Nc6+ Kf6 43. Rc1 Rxh3 44. Rf1+ Kg5 45. Nxe5 Ra3 46. Kb5 h3 47. c6 Kh4 48. Rf7 h2 49. Kb6 Kg3 50. Rg7+ Kf4 51. Ng6+ Kxe4 52. Rh7 Ra2 53. Rxh2 Rxh2 54. Kxa6 Rc2 55. Kb7 Kf5 56. Ne7+ Kf6 57. Nc8 e5 58. c7 Rxc7+ 59. Kxc7 e4 60. Nb6 1/2-1/2

[Event "Quebec-ch"]
[Site "Montreal CAN"]
[Date "1999.06.24"]
[Round "3.5"]
[White "Schleifer, Michael"]
[Black "Lesiege, Alexandre"]
[Result "0-1"]
[WhiteElo "2305"]
[BlackElo "2521"]
[WhiteFideId "-1"]
[WhiteFideId "-1"]
[PlyCount "122"]
[GameId "2160767911743350"]
[EventDate "1999.06.05"]
[EventType "k.o."]
[EventRounds "4"]
[EventCountry "CAN"]
[SourceTitle "EXT 2000"]
[Source "ChessBase"]
[SourceDate "1999.11.18"]
[SourceVersion "1"]
[SourceVersionDate "1999.11.18"]
[SourceQuality "1"]

1. d4 d5 2. c4 dxc4 3. Nf3 Nf6 4. e3 e6 5. Bxc4 c5 6. O-O a6 7. b3 b5 8. Be2 Bb7 9. a4 b4 10. Bb2 Nbd7 11. Nbd2 Be7 12. a5 O-O 13. Nc4 Qc7 14. h3 Bd5 15. Re1 Qb7 16. Ncd2 Rfd8 17. Bd3 cxd4 18. exd4 Bf8 19. Qe2 g6 20. Qe3 Bg7 21. Rec1 Rac8 22. Be2 Bc6 23. Nc4 Nd5 24. Qd2 Qb8 25. Nb6 N7xb6 26. axb6 Bb5 27. Bc4 Nc3 28. Bxc3 bxc3 29. Rxc3 Qxb6 30. Bxb5 Rxc3 31. Qxc3 axb5 32. Qa5 Bxd4 33. Nxd4 Qxd4 34. Re1 Rd5 35. Qa8+ Kg7 36. Qa2 Qc3 37. Rb1 Rd2 38. Qa7 Qd4 39. Qxd4+ Rxd4 40. Rb2 Rd1+ 41. Kh2 Rd3 42. Kg1 b4 43. Kf1 Rc3 44. Ke2 Kf6 45. Rb1 e5 46. Rb2 Ke6 47. Rb1 f5 48. Rb2 e4 49. Rb1 Ke5 50. Rb2 Rd3 51. f3 Kd4 52. fxe4 fxe4 53. Rb1 h5 54. Rb2 h4 55. Rb1 Kc3 56. Rf1 g5 57. Rf5 Rg3 58. Kf2 Kxb3 59. Re5 Kc2 60. Rxe4 b3 61. Rc4+ Rc3 0-1

[Event "Quebec-ch"]
[Site "Montreal CAN"]
[Date "1999.06.25"]
[Round "4.1"]
[White "Lesiege, Alexandre"]
[Black "Duong, Thanh Nha"]
[Result "1-0"]
[WhiteElo "2521"]
[BlackElo "2299"]
[WhiteFideId "-1"]
[WhiteFideId "-1"]
[PlyCount "83"]
[GameId "2160767911743351"]
[EventDate "1999.06.05"]
[EventType "k.o."]
[EventRounds "4"]
[EventCountry "CAN"]
[SourceTitle "EXT 2000"]
[Source "ChessBase"]
[SourceDate "1999.11.18"]
[SourceVersion "1"]
[SourceVersionDate "1999.11.18"]
[SourceQuality "1"]

1. c4 e6 2. Nf3 d5 3. d4 Nf6 4. Nc3 Be7 5. Bg5 O-O 6. e3 h6 7. Bh4 b6 8. Bd3 Bb7 9. O-O Nbd7 10. Qe2 c5 11. Rfd1 Ne4 12. Bg3 Nxg3 13. hxg3 Bf6 14. Rac1 Qe7 15. cxd5 Bxd5 16. Nxd5 exd5 17. Bb5 Rad8 18. b3 cxd4 19. Nxd4 Bxd4 20. exd4 Qxe2 21. Bxe2 Rc8 22. Ba6 Rxc1 23. Rxc1 Nb8 24. Bd3 f5 25. f3 g6 26. b4 a6 27. Kf2 Kg7 28. b5 axb5 29. Bxb5 Rf7 30. a4 Ra7 31. Ke3 g5 32. Kd2 Rf7 33. Rc8 Rf8 34. Rc1 Rf7 35. Re1 f4 36. g4 Rc7 37. Re6 Ra7 38. Rxb6 Nd7 39. Bxd7 Rxd7 40. a5 Ra7 41. a6 Kg8 42. Rxh6 1-0

[Event "Quebec-ch"]
[Site "Montreal CAN"]
[Date "1999.06.25"]
[Round "4.2"]
[White "Duong, Thanh Nha"]
[Black "Lesiege, Alexandre"]
[Result "0-1"]
[WhiteElo "2299"]
[BlackElo "2521"]
[WhiteFideId "-1"]
[WhiteFideId "-1"]
[PlyCount "112"]
[GameId "2160767911743352"]
[EventDate "1999.06.05"]
[EventType "k.o."]
[EventRounds "4"]
[EventCountry "CAN"]
[SourceTitle "EXT 2000"]
[Source "ChessBase"]
[SourceDate "1999.11.18"]
[SourceVersion "1"]
[SourceVersionDate "1999.11.18"]
[SourceQuality "1"]

1. c4 c5 2. Nc3 Nc6 3. g3 g6 4. Bg2 Bg7 5. e4 e6 6. Nge2 Nge7 7. d3 d6 8. O-O O-O 9. a3 b6 10. Rb1 Bb7 11. b4 Qd7 12. Bg5 h6 13. Be3 Nd4 14. Qd2 Kh7 15. f4 f5 16. Bf2 Rac8 17. Rfe1 Nec6 18. b5 Nxe2+ 19. Nxe2 Ne7 20. Rbd1 e5 21. Nc3 Rce8 22. Nd5 Bxd5 23. exd5 Ng8 24. h3 Nf6 25. Kh2 Re7 26. Re2 Rfe8 27. Rde1 exf4 28. gxf4 Rxe2 29. Rxe2 Rxe2 30. Qxe2 Nh5 31. Be3 Qe7 32. Bf3 Nf6 33. Qd2 Nd7 34. a4 Bd4 35. Bf2 Bxf2 36. Qxf2 g5 37. Bh5 Nf6 38. Bd1 Kg6 39. Kg2 Nd7 40. Qf3 Kg7 41. Kf1 Qf6 42. Qe3 gxf4 43. Qxf4 Ne5 44. Bh5 Qg5 45. Qxg5+ hxg5 46. Ke2 g4 47. hxg4 fxg4 48. Be8 Kf6 49. Bh5 Kg5 50. Be8 g3 51. Bc6 Kg4 52. d4 cxd4 53. c5 d3+ 54. Ke3 g2 55. Kf2 g1=Q+ 56. Kxg1 d2 0-1

[Event "Quebec-ch"]
[Site "Montreal CAN"]
[Date "1999.06.25"]
[Round "4.3"]
[White "Lesiege, Alexandre"]
[Black "Duong, Thanh Nha"]
[Result "1-0"]
[WhiteElo "2521"]
[BlackElo "2299"]
[WhiteFideId "-1"]
[WhiteFideId "-1"]
[PlyCount "59"]
[GameId "2160767911743353"]
[EventDate "1999.06.05"]
[EventType "k.o."]
[EventRounds "4"]
[EventCountry "CAN"]
[SourceTitle "EXT 2000"]
[Source "ChessBase"]
[SourceDate "1999.11.18"]
[SourceVersion "1"]
[SourceVersionDate "1999.11.18"]
[SourceQuality "1"]

1. d4 Nf6 2. c4 c5 3. Nf3 e6 4. g3 cxd4 5. Nxd4 Nc6 6. Nc3 Bb4 7. Bg2 O-O 8. O-O Qb6 9. Nb3 Ne5 10. c5 Qa6 11. Bg5 d5 12. cxd6 Bxc3 13. bxc3 Rd8 14. Nc5 Qc4 15. Qd4 Qxe2 16. Rad1 Bd7 17. Bxf6 gxf6 18. Qf4 Kg7 19. Ne4 Ng4 20. Nxf6 e5 21. Qg5+ Kh8 22. Rde1 h6 23. Qh4 Qc4 24. Nxd7 Rxd7 25. Re4 Qxf1+ 26. Bxf1 f5 27. Rxg4 fxg4 28. Qxh6+ Rh7 29. Qf6+ Rg7 30. d7 1-0

[Event "Quebec-ch"]
[Site "Montreal CAN"]
[Date "1999.06.25"]
[Round "4.4"]
[White "Duong, Thanh Nha"]
[Black "Lesiege, Alexandre"]
[Result "0-1"]
[WhiteElo "2299"]
[BlackElo "2521"]
[WhiteFideId "-1"]
[WhiteFideId "-1"]
[PlyCount "48"]
[GameId "2160767911743354"]
[EventDate "1999.06.05"]
[EventType "k.o."]
[EventRounds "4"]
[EventCountry "CAN"]
[SourceTitle "EXT 2000"]
[Source "ChessBase"]
[SourceDate "1999.11.18"]
[SourceVersion "1"]
[SourceVersionDate "1999.11.18"]
[SourceQuality "1"]

1. d4 d5 2. c4 dxc4 3. e4 c5 4. d5 Nf6 5. Nc3 b5 6. e5 b4 7. exf6 bxc3 8. bxc3 Nd7 9. Qa4 exf6 10. Bf4 Qb6 11. O-O-O Bd6 12. Re1+ Kd8 13. Bxd6 Qxd6 14. Nh3 Nb6 15. Qa5 Re8 16. Rxe8+ Kxe8 17. g3 Qxd5 18. Bg2 Qxg2 19. Re1+ Be6 20. Qxc5 Qxh3 21. Qc6+ Kf8 22. Rd1 g6 23. a4 Qf5 24. g4 Qe5 0-1

[Event "Capablanca Memorial Premier II 34th"]
[Site "Havana"]
[Date "1999.05.07"]
[Round "1"]
[White "Lesiege, Alexandre"]
[Black "Garbisu de Goni, Unai"]
[Result "1/2-1/2"]
[WhiteElo "2521"]
[BlackElo "2414"]
[WhiteFideId "-1"]
[WhiteFideId "-1"]
[PlyCount "87"]
[GameId "1166641901137920"]
[EventDate "1999.05.??"]
[EventType "tourn"]
[EventRounds "13"]
[EventCountry "CUB"]
[EventCategory "8"]
[SourceTitle "CBM 070 Extra"]
[Source "ChessBase"]
[SourceDate "1999.07.10"]
[SourceVersion "1"]
[SourceVersionDate "1999.07.10"]
[SourceQuality "1"]

1. d4 f5 2. g3 g6 3. Bg2 Bg7 4. c4 Nf6 5. Nc3 O-O 6. Nh3 Nc6 7. Nf4 e5 8. dxe5 Nxe5 9. O-O d6 10. Qc2 c6 11. b3 Qe7 12. Bb2 g5 13. Nd3 Bd7 14. Rad1 Rad8 15. e3 Bc8 16. Rfe1 Nfg4 17. f3 Nxd3 18. Qxd3 Ne5 19. Qd2 f4 20. exf4 gxf4 21. gxf4 Bh6 22. Re4 Bf5 23. Rd4 Ng6 24. Ne2 c5 25. Rd5 Rde8 26. Bf1 Qh4 27. Qc3 Re7 28. Ba1 Bg7 29. Qd2 Bxa1 30. Rxa1 Rxe2 31. Bxe2 Nxf4 32. Kh1 Nxd5 33. Qxd5+ Kh8 34. Qxd6 Qf6 35. Qxf6+ Rxf6 36. Kg2 Rd6 37. Rd1 Rxd1 38. Bxd1 Kg7 39. Kf2 Kf6 40. f4 b6 41. Ke3 Bb1 42. a3 a5 43. Kf3 Kf5 44. Ke3 1/2-1/2

[Event "Capablanca Memorial Premier II 34th"]
[Site "Havana"]
[Date "1999.05.08"]
[Round "2"]
[White "Narciso Dublan, Marc"]
[Black "Lesiege, Alexandre"]
[Result "0-1"]
[WhiteElo "2469"]
[BlackElo "2521"]
[WhiteFideId "-1"]
[WhiteFideId "-1"]
[PlyCount "94"]
[GameId "1166641901170688"]
[EventDate "1999.05.??"]
[EventType "tourn"]
[EventRounds "13"]
[EventCountry "CUB"]
[EventCategory "8"]
[SourceTitle "CBM 070 Extra"]
[Source "ChessBase"]
[SourceDate "1999.07.10"]
[SourceVersion "1"]
[SourceVersionDate "1999.07.10"]
[SourceQuality "1"]

1. e4 c5 2. Nf3 d6 3. d4 cxd4 4. Nxd4 Nf6 5. Nc3 a6 6. Be2 e6 7. O-O Be7 8. f4 O-O 9. Be3 Nc6 10. Qe1 Qc7 11. Qg3 Nxd4 12. Bxd4 b5 13. a3 Bb7 14. Rf2 Bc6 15. Raf1 Qb7 16. b4 Bxe4 17. Nxe4 Qxe4 18. Bxf6 Bxf6 19. Bf3 Qc4 20. Bxa8 Rxa8 21. Qf3 Rc8 22. Rd2 d5 23. f5 Bd4+ 24. Kh1 e5 25. f6 e4 26. Qd1 Bxf6 27. Rxd5 Qxc2 28. Qxc2 Rxc2 29. Rc5 Rd2 30. Rc8+ Bd8 31. g4 h5 32. Re1 Rd4 33. h3 Kh7 34. Ra8 Bh4 35. Re3 hxg4 36. hxg4 Kg6 37. Re8 f5 38. Re6+ Kg5 39. gxf5 Kxf5 40. Rxa6 Kf4 41. Rh3 Bf6 42. Kg2 Rd2+ 43. Kf1 e3 44. Re6 Rf2+ 45. Kg1 Rf3 46. Rxf3+ Kxf3 47. Kf1 Bg5 0-1

[Event "Capablanca Memorial Premier II 34th"]
[Site "Havana"]
[Date "1999.05.09"]
[Round "3"]
[White "Lesiege, Alexandre"]
[Black "Vazquez Igarza, Renier"]
[Result "1/2-1/2"]
[WhiteElo "2521"]
[BlackElo "2409"]
[WhiteFideId "-1"]
[WhiteFideId "-1"]
[PlyCount "103"]
[GameId "1166641901199360"]
[EventDate "1999.05.??"]
[EventType "tourn"]
[EventRounds "13"]
[EventCountry "CUB"]
[EventCategory "8"]
[SourceTitle "CBM 070 Extra"]
[Source "ChessBase"]
[SourceDate "1999.07.10"]
[SourceVersion "1"]
[SourceVersionDate "1999.07.10"]
[SourceQuality "1"]

1. d4 Nf6 2. c4 g6 3. Nc3 Bg7 4. e4 d6 5. Nf3 O-O 6. Be2 e5 7. O-O Nc6 8. Be3 exd4 9. Nxd4 Re8 10. f3 Nh5 11. f4 Nf6 12. Bf3 Bg4 13. Nxc6 Bxf3 14. Qxf3 bxc6 15. Bf2 Qc8 16. e5 dxe5 17. fxe5 Ng4 18. Qxc6 Nxf2 19. Rxf2 Bxe5 20. Nd5 Qe6 21. Qxe6 Rxe6 22. Rd1 Rae8 23. g3 c6 24. Nf4 R6e7 25. Kf1 a5 26. b3 h5 27. Nd3 Bd4 28. Rfd2 Kg7 29. Rc2 c5 30. Nf4 h4 31. Re2 hxg3 32. hxg3 Re3 33. Rd3 Rxd3 34. Nxd3 Rb8 35. Re7 a4 36. bxa4 Ra8 37. Rc7 Rxa4 38. Nxc5 Bxc5 39. Rxc5 Rxa2 40. Rc7 Kf6 41. c5 Ke6 42. c6 Rc2 43. Kg1 f6 44. Rc8 g5 45. c7 Kf5 46. g4+ Kxg4 47. Rf8 Rxc7 48. Rxf6 Rc1+ 49. Kg2 Rc2+ 50. Kg1 Kg3 51. Rf1 g4 52. Ra1 1/2-1/2

[Event "Capablanca Memorial Premier II 34th"]
[Site "Havana"]
[Date "1999.05.10"]
[Round "4"]
[White "Bellon Lopez, Juan Manuel"]
[Black "Lesiege, Alexandre"]
[Result "0-1"]
[WhiteElo "2447"]
[BlackElo "2521"]
[WhiteFideId "-1"]
[WhiteFideId "-1"]
[PlyCount "80"]
[GameId "1166641901211648"]
[EventDate "1999.05.??"]
[EventType "tourn"]
[EventRounds "13"]
[EventCountry "CUB"]
[EventCategory "8"]
[SourceTitle "CBM 070 Extra"]
[Source "ChessBase"]
[SourceDate "1999.07.10"]
[SourceVersion "1"]
[SourceVersionDate "1999.07.10"]
[SourceQuality "1"]

1. d4 d5 2. c4 e6 3. Nf3 c6 4. Nc3 Nf6 5. Bg5 Nbd7 6. e3 Be7 7. Qc2 O-O 8. O-O-O Qa5 9. Kb1 Bb4 10. Rc1 Re8 11. Bd3 dxc4 12. Bxc4 Nd5 13. Bd3 h6 14. Nxd5 exd5 15. Bh4 Bd6 16. g4 Nf8 17. Rhg1 Qc7 18. Bg3 g6 19. h4 Qe7 20. Bxd6 Qxd6 21. Ne5 Rxe5 22. dxe5 Qxe5 23. h5 g5 24. Qc3 Qxc3 25. Rxc3 Be6 26. Bf5 Bxf5+ 27. gxf5 Kg7 28. Rb3 Rb8 29. f4 Kf6 30. fxg5+ hxg5 31. Rf1 Nd7 32. h6 Ne5 33. h7 b6 34. e4 g4 35. exd5 cxd5 36. Rh1 Rh8 37. Rh5 Nf3 38. Kc1 Ke5 39. Rb4 d4 40. Kd1 g3 0-1

[Event "Capablanca Memorial Premier II 34th"]
[Site "Havana"]
[Date "1999.05.12"]
[Round "5"]
[White "Lesiege, Alexandre"]
[Black "Schussler, Harry"]
[Result "1-0"]
[WhiteElo "2521"]
[BlackElo "2455"]
[WhiteFideId "-1"]
[WhiteFideId "-1"]
[PlyCount "73"]
[GameId "1166641901256704"]
[EventDate "1999.05.??"]
[EventType "tourn"]
[EventRounds "13"]
[EventCountry "CUB"]
[EventCategory "8"]
[SourceTitle "CBM 070 Extra"]
[Source "ChessBase"]
[SourceDate "1999.07.10"]
[SourceVersion "1"]
[SourceVersionDate "1999.07.10"]
[SourceQuality "1"]

1. c4 e6 2. d4 Bb4+ 3. Bd2 Qe7 4. Nc3 Nf6 5. e3 b6 6. Nf3 Bb7 7. Be2 O-O 8. O-O d6 9. Qb3 a5 10. Rfd1 Nbd7 11. Rac1 Bxc3 12. Bxc3 Ne4 13. Be1 f5 14. Nd2 Kh8 15. Nf1 e5 16. Qc2 Rae8 17. d5 g5 18. f3 Nec5 19. b3 f4 20. a3 Nf6 21. b4 axb4 22. axb4 Ncd7 23. Ra1 Ra8 24. h3 fxe3 25. Nxe3 Nh5 26. Bd3 Ndf6 27. Rxa8 Rxa8 28. h4 gxh4 29. Bxh4 Qf7 30. Bf5 Nf4 31. g3 Ng6 32. Bg5 Bc8 33. Bxc8 Rxc8 34. Qf5 Rf8 35. Ra1 Qg7 36. Ra8 Ne8 37. Rxe8 1-0

[Event "Capablanca Memorial Premier II 34th"]
[Site "Havana"]
[Date "1999.05.13"]
[Round "6"]
[White "Lesiege, Alexandre"]
[Black "Perez Garcia, Rodney Oscar"]
[Result "0-1"]
[WhiteElo "2521"]
[BlackElo "2406"]
[WhiteFideId "-1"]
[WhiteFideId "-1"]
[PlyCount "66"]
[GameId "1166641901281280"]
[EventDate "1999.05.??"]
[EventType "tourn"]
[EventRounds "13"]
[EventCountry "CUB"]
[EventCategory "8"]
[SourceTitle "CBM 070 Extra"]
[Source "ChessBase"]
[SourceDate "1999.07.10"]
[SourceVersion "1"]
[SourceVersionDate "1999.07.10"]
[SourceQuality "1"]

1. d4 d5 2. c4 c6 3. Nf3 dxc4 4. e3 Be6 5. Ng5 Qa5+ 6. Nc3 Qxg5 7. e4 Qa5 8. d5 Bd7 9. Bxc4 Nf6 10. O-O b5 11. Bb3 b4 12. Na4 Nxe4 13. Qd4 Nf6 14. d6 e6 15. a3 c5 16. Nxc5 Nc6 17. Qc4 Bxd6 18. Nxd7 Kxd7 19. Rd1 Rhd8 20. Bf4 Nd5 21. Bxd6 Kxd6 22. Qh4 bxa3 23. Bxd5 exd5 24. Rxa3 Qb4 25. Qg3+ Kd7 26. Qxg7 Kc7 27. Rc3 Rac8 28. Rdc1 Kb7 29. Qxf7+ Qe7 30. Qf4 d4 31. Rb3+ Ka8 32. Qf3 Qe6 33. Rb4 d3 0-1

[Event "Capablanca Memorial Premier II 34th"]
[Site "Havana"]
[Date "1999.05.14"]
[Round "7"]
[White "Perez Rodriguez, Luis Manuel"]
[Black "Lesiege, Alexandre"]
[Result "1-0"]
[WhiteElo "2402"]
[BlackElo "2521"]
[WhiteFideId "-1"]
[WhiteFideId "-1"]
[PlyCount "63"]
[GameId "1166641901322240"]
[EventDate "1999.05.??"]
[EventType "tourn"]
[EventRounds "13"]
[EventCountry "CUB"]
[EventCategory "8"]
[SourceTitle "CBM 070 Extra"]
[Source "ChessBase"]
[SourceDate "1999.07.10"]
[SourceVersion "1"]
[SourceVersionDate "1999.07.10"]
[SourceQuality "1"]

1. e4 c5 2. c3 Nf6 3. e5 Nd5 4. d4 cxd4 5. Nf3 Nc6 6. Bc4 e6 7. cxd4 d6 8. O-O Be7 9. Qe2 O-O 10. Qe4 Kh8 11. exd6 Qxd6 12. Nc3 f5 13. Qe2 Nb6 14. Nb5 Qd7 15. Bf4 Nxc4 16. Qxc4 a6 17. Nc7 b5 18. Qc3 b4 19. Qe3 Ra7 20. Rac1 g5 21. Be5+ Nxe5 22. Nxe5 Qd6 23. Rc6 Rxc7 24. Rxd6 Bxd6 25. Rc1 f4 26. Qe1 Rxc1 27. Qxc1 Bb7 28. h3 Rc8 29. Qd1 Kg7 30. Qh5 Bxe5 31. Qxg5+ Kf7 32. dxe5 1-0

[Event "Capablanca Memorial Premier II 34th"]
[Site "Havana"]
[Date "1999.05.15"]
[Round "8"]
[White "Lesiege, Alexandre"]
[Black "Gongora Reyes, Maikel"]
[Result "1-0"]
[WhiteElo "2521"]
[BlackElo "2427"]
[WhiteFideId "-1"]
[WhiteFideId "-1"]
[PlyCount "73"]
[GameId "1166641901334528"]
[EventDate "1999.05.??"]
[EventType "tourn"]
[EventRounds "13"]
[EventCountry "CUB"]
[EventCategory "8"]
[SourceTitle "CBM 070 Extra"]
[Source "ChessBase"]
[SourceDate "1999.07.10"]
[SourceVersion "1"]
[SourceVersionDate "1999.07.10"]
[SourceQuality "1"]

1. d4 Nf6 2. c4 e6 3. Nc3 c5 4. d5 exd5 5. cxd5 d6 6. e4 g6 7. f4 Bg7 8. Bb5+ Nfd7 9. a4 O-O 10. Nf3 Na6 11. O-O Nb4 12. Re1 a6 13. Bf1 Re8 14. h3 b6 15. Be3 Qc7 16. Bc4 Bb7 17. Bf2 b5 18. axb5 Nb6 19. Bf1 axb5 20. Rc1 Ba6 21. Bxb5 Reb8 22. e5 Nc4 23. Bxc4 Bxc4 24. Ne4 Bxd5 25. exd6 Qd7 26. Bxc5 Qf5 27. Bxb4 Bxe4 28. Ba3 Qxf4 29. Qd2 Qxd2 30. Nxd2 Bd3 31. Nf3 Rd8 32. Rc7 Bf8 33. Ne5 Bf5 34. Nxf7 Rdc8 35. Rxc8 Rxc8 36. Ne5 Rd8 37. g4 1-0

[Event "Capablanca Memorial Premier II 34th"]
[Site "Havana"]
[Date "1999.05.17"]
[Round "9"]
[White "Gonzalez, Renier"]
[Black "Lesiege, Alexandre"]
[Result "1-0"]
[WhiteElo "2408"]
[BlackElo "2521"]
[WhiteFideId "-1"]
[WhiteFideId "-1"]
[PlyCount "129"]
[GameId "1166641901371392"]
[EventDate "1999.05.??"]
[EventType "tourn"]
[EventRounds "13"]
[EventCountry "CUB"]
[EventCategory "8"]
[SourceTitle "CBM 070 Extra"]
[Source "ChessBase"]
[SourceDate "1999.07.10"]
[SourceVersion "1"]
[SourceVersionDate "1999.07.10"]
[SourceQuality "1"]

1. e4 c5 2. Nf3 d6 3. c3 Nf6 4. h3 g6 5. Bd3 Bg7 6. Bc2 O-O 7. O-O Nc6 8. Re1 e5 9. d3 h6 10. Nbd2 Re8 11. a3 d5 12. b4 dxe4 13. dxe4 Qc7 14. Bb3 b5 15. a4 cxb4 16. axb5 Na5 17. cxb4 Nxb3 18. Nxb3 Bd7 19. Ra5 Bf8 20. Bd2 Qc4 21. Nc5 Bxb5 22. Qa1 Bxc5 23. bxc5 Nxe4 24. Bxh6 Nc3 25. Nxe5 Qxc5 26. Re3 Kh7 27. Nxf7 Rac8 28. Rxa7 Qd4 29. Rxe8 Rxe8 30. Be3 Ne2+ 31. Kh2 Qxa1 32. Rxa1 Re7 33. Nd6 Bd3 34. Ra3 Bf5 35. g4 Be6 36. Ne4 Bc8 37. Nf6+ Kg7 38. g5 Bf5 39. Ra2 Nc3 40. Ra8 Kf7 41. Bc5 Rb7 42. Rf8+ Ke6 43. Re8+ Kf7 44. Re3 Na4 45. Ba3 Nb2 46. Ng4 Bxg4 47. hxg4 Nc4 48. Rf3+ Kg8 49. Rc3 Ne5 50. f3 Rd7 51. Re3 Nc4 52. Re8+ Kf7 53. Ra8 Rd3 54. Bb4 Rb3 55. Bc5 Rb5 56. Rc8 Ke6 57. Bf2 Ne5 58. Kg3 Rb7 59. Bd4 Nf7 60. Rc6+ Kd5 61. Rxg6 Kxd4 62. Rg7 Rd7 63. g6 Ne5 64. Rxd7+ Nxd7 65. g5 1-0

[Event "Capablanca Memorial Premier II 34th"]
[Site "Havana"]
[Date "1999.05.19"]
[Round "11"]
[White "Gonzalez Vidal, Yuri"]
[Black "Lesiege, Alexandre"]
[Result "1/2-1/2"]
[WhiteElo "2386"]
[BlackElo "2521"]
[WhiteFideId "-1"]
[WhiteFideId "-1"]
[PlyCount "86"]
[GameId "1166641901436928"]
[EventDate "1999.05.??"]
[EventType "tourn"]
[EventRounds "13"]
[EventCountry "CUB"]
[EventCategory "8"]
[SourceTitle "CBM 070 Extra"]
[Source "ChessBase"]
[SourceDate "1999.07.10"]
[SourceVersion "1"]
[SourceVersionDate "1999.07.10"]
[SourceQuality "1"]

1. e4 c5 2. Nf3 d6 3. d4 cxd4 4. Nxd4 Nf6 5. Nc3 a6 6. Bc4 e6 7. Bb3 b5 8. O-O b4 9. Na4 Bd7 10. f4 Nc6 11. Be3 Rb8 12. Qf3 Nxd4 13. Bxd4 Bc6 14. Bxf6 Qxf6 15. c3 g6 16. Rae1 bxc3 17. Nxc3 Qd4+ 18. Kh1 Bg7 19. Qh3 O-O 20. f5 exf5 21. exf5 Kh8 22. Rd1 Qe5 23. Rde1 Qd4 24. Rd1 Qe5 25. Qd3 d5 26. Rde1 Qf6 27. Nxd5 Qxb2 28. f6 Bxf6 29. Qxa6 Bxd5 30. Bxd5 Kg7 31. Bb3 Rbe8 32. Rb1 Qe5 33. Rbc1 Bg5 34. Rcd1 Bf4 35. Qc4 Bxh2 36. Rxf7+ Rxf7 37. Qxf7+ Kh8 38. Qd5 Bg3 39. Qxe5+ Rxe5 40. Rd8+ Kg7 41. Rd7+ Kh6 42. Rd1 Bf2 43. Rd3 Rh5+ 1/2-1/2